<?xml version="1.0" encoding="UTF-8"?>
<record
    xmlns:xsi="http://www.w3.org/2001/XMLSchema-instance"
    xsi:schemaLocation="http://www.loc.gov/MARC21/slim http://www.loc.gov/standards/marcxml/schema/MARC21slim.xsd"
    xmlns="http://www.loc.gov/MARC21/slim">

  <leader>01860nam a2200313 a 4500</leader>
  <controlfield tag="003">Mxchpua</controlfield>
  <controlfield tag="005">20250805125308.0</controlfield>
  <controlfield tag="007">ta</controlfield>
  <controlfield tag="008">250709s2025    mx abdofs|||| 001 0 spa d</controlfield>
  <datafield tag="040" ind1=" " ind2=" ">
    <subfield code="a">mxchpua</subfield>
  </datafield>
  <datafield tag="090" ind1=" " ind2=" ">
    <subfield code="a">T.C.976</subfield>
    <subfield code="b">P66 SAI</subfield>
    <subfield code="c">2025</subfield>
  </datafield>
  <datafield tag="245" ind1="1" ind2=" ">
    <subfield code="a">Estudio Integral del Sistema Agroindustrial pesca comercial en el noroeste de M&#xE9;xico /</subfield>
    <subfield code="c">coordinador Pedro Ponce Hern&#xE1;ndez ; colaboradores Norberto Jes&#xFA;s Bola&#xF1;os Ibarra...[y otros]</subfield>
  </datafield>
  <datafield tag="260" ind1=" " ind2=" ">
    <subfield code="a">Chapingo, M&#xE9;xico :</subfield>
    <subfield code="b">El autor,</subfield>
    <subfield code="c">2025</subfield>
  </datafield>
  <datafield tag="300" ind1=" " ind2=" ">
    <subfield code="a">1 recurso en l&#xED;nea (81 p&#xE1;ginas)</subfield>
    <subfield code="b">ilustraciones, tablas, gr&#xE1;ficas, mapas, fotograf&#xED;as</subfield>
  </datafield>
  <datafield tag="336" ind1=" " ind2=" ">
    <subfield code="2">rdacontent</subfield>
    <subfield code="a">Texto</subfield>
    <subfield code="b">txt</subfield>
  </datafield>
  <datafield tag="337" ind1=" " ind2=" ">
    <subfield code="2">rdamedia</subfield>
    <subfield code="a">computadora</subfield>
    <subfield code="b">c</subfield>
  </datafield>
  <datafield tag="338" ind1=" " ind2=" ">
    <subfield code="2">rdacarrier</subfield>
    <subfield code="a">recurso en l&#xED;nea</subfield>
    <subfield code="b">cr</subfield>
  </datafield>
  <datafield tag="500" ind1=" " ind2=" ">
    <subfield code="a">Grado : 6&#xB0;  Grupo : 2
Directorio : p&#xE1;ginas 76</subfield>
  </datafield>
  <datafield tag="502" ind1=" " ind2=" ">
    <subfield code="a">Viaje de Estudios</subfield>
    <subfield code="b">(SAI) --</subfield>
    <subfield code="c">UACh. Departamento de Ingenier&#xED;a Agroindustrial,</subfield>
    <subfield code="d">2025</subfield>
  </datafield>
  <datafield tag="504" ind1=" " ind2=" ">
    <subfield code="a">Bibliograf&#xED;a : p&#xE1;ginas 76-81</subfield>
  </datafield>
  <datafield tag="505" ind1="0" ind2=" ">
    <subfield code="a">Visitas:</subfield>
    <subfield code="t">1. Conservas y Enlatados Selectos del Mar S.A de C.V --
2. Congeladora Oce&#xE1;nica S.A. de C.V., Mazatl&#xE1;n, Sinaloa --
3. Pescaharina de Guaymas S.A. de C.V. --
4. Pesquera MARZAR S.A. de C.V. --
5. Productos Marinos ABC --
6. Pesca con Valor S.S.I. --
7. Baja Marine Foods --
8. Exportadora de sal (ESSA) --
9. FONMAR y La Direcci&#xF3;n Municipal De Pesca Y Acuacultura. --
10. Maz Industrial, SA de CV --
11. Sociedad Cooperativa Santa Cruz De Miramar R.L. de C.V.</subfield>
  </datafield>
  <datafield tag="650" ind1="1" ind2="3">
    <subfield code="a">Industria pesquera</subfield>
    <subfield code="z">M&#xE9;xico</subfield>
    <subfield code="9">136530</subfield>
  </datafield>
  <datafield tag="650" ind1="1" ind2="3">
    <subfield code="a">Recursos pesqueros </subfield>
    <subfield code="z">M&#xE9;xico</subfield>
    <subfield code="9">143687</subfield>
  </datafield>
  <datafield tag="650" ind1="1" ind2="3">
    <subfield code="a">Fish industry</subfield>
    <subfield code="z">Mexico</subfield>
    <subfield code="9">147383</subfield>
  </datafield>
  <datafield tag="650" ind1="1" ind2="3">
    <subfield code="a">Fishery resources</subfield>
    <subfield code="z">Mexico</subfield>
    <subfield code="9">186573</subfield>
  </datafield>
  <datafield tag="700" ind1="1" ind2=" ">
    <subfield code="a">Ponce Hern&#xE1;ndez, Pedro</subfield>
    <subfield code="9">147918</subfield>
    <subfield code="e">coordinador</subfield>
  </datafield>
  <datafield tag="700" ind1="1" ind2=" ">
    <subfield code="a">Bola&#xF1;os Ibarra, Norberto Jes&#xFA;s</subfield>
    <subfield code="9">189142</subfield>
    <subfield code="e">colaborador</subfield>
  </datafield>
  <datafield tag="856" ind1="4" ind2="1">
    <subfield code="y">DESCARGAR REPORTE</subfield>
    <subfield code="u">http://10.13.5.2/ve/TC976_SAI/TC976_SAI_2025-REPORTE.pdf</subfield>
  </datafield>
  <datafield tag="999" ind1=" " ind2=" ">
    <subfield code="c">220739</subfield>
    <subfield code="d">220739</subfield>
  </datafield>
  <datafield tag="952" ind1=" " ind2=" ">
    <subfield code="0">0</subfield>
    <subfield code="1">0</subfield>
    <subfield code="2">local</subfield>
    <subfield code="4">0</subfield>
    <subfield code="7">0</subfield>
    <subfield code="8">VEE</subfield>
    <subfield code="a">IA_</subfield>
    <subfield code="b">IA_</subfield>
    <subfield code="c">E_L</subfield>
    <subfield code="d">2025-06-19</subfield>
    <subfield code="e">El autor</subfield>
    <subfield code="l">0</subfield>
    <subfield code="o">T.C.976 P66 SAI 2025</subfield>
    <subfield code="p">1206015620</subfield>
    <subfield code="r">2025-07-09 14:00:37</subfield>
    <subfield code="w">2025-07-09</subfield>
    <subfield code="y">VEE</subfield>
  </datafield>
</record>
